MARC details
| 000 -CABECERA |
| campo de control de longitud fija |
02729nam a2200469 a 4500 |
| 001 - NÚMERO DE CONTROL |
| campo de control |
000011481 |
| 003 - IDENTIFICADOR DEL NÚMERO DE CONTROL |
| campo de control |
DO-SdBNP |
| 005 - FECHA Y HORA DE LA ÚLTIMA TRANSACCIÓN |
| campo de control |
20251120105504.0 |
| 007 - CAMPO FIJO DE DESCRIPCIÓN FÍSICA--INFORMACIÓN GENERAL |
| campo de control de longitud fija |
ta |
| 008 - DATOS DE LONGITUD FIJA--INFORMACIÓN GENERAL |
| campo de control de longitud fija |
091019s2006 dr 001 0 spa d |
| 020 ## - NÚMERO INTERNACIONAL ESTÁNDAR DEL LIBRO |
| Número Internacional Estándar del Libro |
9945425064 |
| 040 ## - FUENTE DE LA CATALOGACIÓN |
| Centro catalogador/agencia de origen |
DO-SdBNP |
| Lengua de catalogación |
spa |
| Centro/agencia transcriptor |
BNPHU |
| 082 #4 - NÚMERO DE LA CLASIFICACIÓN DECIMAL DEWEY |
| Número de clasificación |
345.05 |
| Número de documento/Ítem |
D431p |
| Número de edición |
22 |
| 245 00 - MENCIÓN DE TÍTULO |
| Título |
Derecho procesal penal / |
| Mención de responsabilidad, etc. |
Alberto Binder ... [et al.] ; presentación Alejandro Moscoso Segarra; prólogo Luis Henry Molina Peña. |
| 260 ## - PUBLICACIÓN, DISTRIBUCIÓN, ETC. |
| Lugar de publicación, distribución, etc. |
Santo Domingo : |
| Nombre del editor, distribuidor, etc. |
Escuela Nacional de la Judicatura, |
| Fecha de publicación, distribución, etc. |
2006. |
| 300 ## - DESCRIPCIÓN FÍSICA |
| Extensión |
626 p. ; |
| Dimensiones |
28 cm. |
| 500 ## - NOTA GENERAL |
| Nota general |
Incluye bibliografía y notas al pie de páginas. |
| 500 ## - NOTA GENERAL |
| Nota general |
La biblioteca posee la reimpresión del 2007 |
| 504 ## - NOTA DE BIBLIOGRAFÍA, ETC. |
| Nota de bibliografía, etc. |
Bibliografía : p. 595-608. |
| 505 0# - NOTA DE CONTENIDO CON FORMATO |
| Información miscelánea |
Presentación / |
| Mención de responsabilidad |
Alejandro Moscoso Segarra -- |
| Información miscelánea |
Prólogo / |
| Mención de responsabilidad |
Luis Henry Molina Peña -- |
| Título |
Principios generales para la comprensión de la reforma procesal penal en la República Dominicana / |
| Mención de responsabilidad |
Alberto Binder -- |
| Título |
Actividades iniciales y diligencias preliminares / |
| Mención de responsabilidad |
Daniel González Álvarez -- |
| Título |
Los procesos alternativos / |
| Mención de responsabilidad |
Mario A. Houed Vega -- |
| Título |
Libertad, intimidad y seguridad individual ante intervención estatal / |
| Mención de responsabilidad |
Manuel Miranda Estrampes -- |
| Título |
Medidas de coerción / |
| Mención de responsabilidad |
Pablo Llarena Conde -- |
| Título |
La prueba en el proceso penal / |
| Mención de responsabilidad |
Héctor Quiñones Vargas -- |
| Título |
Los derechos de protección a la víctima / |
| Mención de responsabilidad |
Pablo Llarena Conde -- |
| Título |
Etapa intermedia: actos conclusivos y audiencia preliminar / |
| Mención de responsabilidad |
Olga Elena Resumil -- |
| Título |
El juicio / |
| Mención de responsabilidad |
Daniel Gadea Nieto -- |
| Título |
Impugnación y recursos / |
| Mención de responsabilidad |
Pablo Llarena Conde -- |
| Título |
La ejecución / |
| Mención de responsabilidad |
Pablo Llarena Conde -- |
| Título |
La fundamentación fáctica y jurídica de las resoluciones judiciales / |
| Mención de responsabilidad |
Manuel Bellido Aspad -- |
| Información miscelánea |
Bibliografía. |
| 590 ## - NOTA LOCAL (RLIN) |
| Nota local |
Inventariado,2018/DG |
| 650 #4 - PUNTO DE ACCESO ADICIONAL DE MATERIA--TÉRMINO DE MATERIA |
| Término de materia o nombre geográfico como elemento de entrada |
Derecho procesal |
| Subdivisión geográfica |
República Dominicana |
| 9 (RLIN) |
13091 |
| 650 #4 - PUNTO DE ACCESO ADICIONAL DE MATERIA--TÉRMINO DE MATERIA |
| Término de materia o nombre geográfico como elemento de entrada |
Procedimiento penal |
| Subdivisión geográfica |
República Dominicana |
| 9 (RLIN) |
14474 |
| 650 #0 - PUNTO DE ACCESO ADICIONAL DE MATERIA--TÉRMINO DE MATERIA |
| Término de materia o nombre geográfico como elemento de entrada |
Derecho penal |
| 9 (RLIN) |
17405 |
| 650 #4 - PUNTO DE ACCESO ADICIONAL DE MATERIA--TÉRMINO DE MATERIA |
| Término de materia o nombre geográfico como elemento de entrada |
Acción penal |
| 9 (RLIN) |
16563 |
| 650 #0 - PUNTO DE ACCESO ADICIONAL DE MATERIA--TÉRMINO DE MATERIA |
| Término de materia o nombre geográfico como elemento de entrada |
Prueba penal |
| 9 (RLIN) |
27178 |
| 650 #4 - PUNTO DE ACCESO ADICIONAL DE MATERIA--TÉRMINO DE MATERIA |
| Término de materia o nombre geográfico como elemento de entrada |
Faltas (derecho penal) |
| 9 (RLIN) |
27179 |
| 700 1# - PUNTO DE ACCESO ADICIONAL--NOMBRE DE PERSONA |
| Nombre de persona |
Binder, Alberto |
| 9 (RLIN) |
27180 |
| 700 1# - PUNTO DE ACCESO ADICIONAL--NOMBRE DE PERSONA |
| Nombre de persona |
González Álvarez, Daniel |
| 9 (RLIN) |
27181 |
| 700 1# - PUNTO DE ACCESO ADICIONAL--NOMBRE DE PERSONA |
| Nombre de persona |
Gadea Nieto, Daniel |
| 9 (RLIN) |
27182 |
| 700 1# - PUNTO DE ACCESO ADICIONAL--NOMBRE DE PERSONA |
| Nombre de persona |
Bellido Aspad, Manuel |
| 9 (RLIN) |
27183 |
| 700 1# - PUNTO DE ACCESO ADICIONAL--NOMBRE DE PERSONA |
| Nombre de persona |
Llarena Conde, Pablo |
| 9 (RLIN) |
27184 |
| 700 1# - PUNTO DE ACCESO ADICIONAL--NOMBRE DE PERSONA |
| Nombre de persona |
Resumil, Olga Elena |
| 9 (RLIN) |
27185 |
| 700 1# - PUNTO DE ACCESO ADICIONAL--NOMBRE DE PERSONA |
| Nombre de persona |
Houed Vega, Mario A. |
| 9 (RLIN) |
27186 |
| 700 1# - PUNTO DE ACCESO ADICIONAL--NOMBRE DE PERSONA |
| Nombre de persona |
Miranda Estrampes, Manuel |
| 9 (RLIN) |
27187 |
| 700 1# - PUNTO DE ACCESO ADICIONAL--NOMBRE DE PERSONA |
| Nombre de persona |
Quiñones Vargas, Héctor |
| 9 (RLIN) |
27188 |
| 700 1# - PUNTO DE ACCESO ADICIONAL--NOMBRE DE PERSONA |
| Nombre de persona |
Moscoso Segarra, Alejandro A |
| Fechas asociadas al nombre |
1964- |
| Término indicativo de función/relación |
present. |
| 9 (RLIN) |
62241 |
| 700 1# - PUNTO DE ACCESO ADICIONAL--NOMBRE DE PERSONA |
| Nombre de persona |
Molina Peña, Luis Henry, |
| Término indicativo de función/relación |
pról. |
| 9 (RLIN) |
27189 |
| 710 1# - PUNTO DE ACCESO ADICIONAL--NOMBRE DE ENTIDAD CORPORATIVA |
| Nombre de entidad corporativa o nombre de jurisdicción como elemento de entrada |
República Dominicana. |
| Unidad subordinada |
Comisionado de Apoyo a la Reforma y Modernización de la Justicia |
| 9 (RLIN) |
17179 |
| 910 ## - DATOS DE OPCIÓN DEL USUARIO (OCLC) |
| Datos de opción del usuario |
Validado. Control de calidad EMS |
| 942 ## - ELEMENTOS DE PUNTO DE ACCESO ADICIONAL (KOHA) |
| Fuente del sistema de clasificación o colocación |
Dewey Decimal Classification |
| Tipo de ítem Koha |
Libro |